Gares de la Charente - Statistiques

Statistiques générales
  • Ce quiz a été pris 110 fois
    24 depuis la dernière actualisation
  • Le résultat moyen est 5 sur 9
Statistiques - réponses
Nombre de Voyageurs Gares % Correct
2 218 965 Angoulême
100%
151 834 Cognac
90%
87 227 Ruffec
71%
364 La Couronne
52%
43 336 Jarnac
48%
35 324 Chalais
43%
35 549 Luxé
38%
22 189 Montmoreau
38%
45 300 Chateauneuf sur Charente
24%
Aucun quiz correspondant
Distribution des résultats
% des personnes avec chaque résultat
Percentile par nombre de réponses
Votre historique - résultats
Vous n’avez pas pris ce quiz depuis la dernière actualisation